Madden 26 High Ovr Players - Statistics

General Stats
  • This quiz has been taken 109 times
  • The average score is 11 of 23
Answer Stats
Hint Answer % Correct
99 OVR Josh Allen
91%
99 OVR Lamar Jackson
88%
99 OVR Ja'Marr Chase
86%
99 OVR Justin Jefferson
82%
99 OVR Lane Johnson
76%
99 OVR Myles Garrett
74%
99 OVR Saquon Barkley
73%
97 OVR Puka Nacua
58%
98 OVR Jahmyr Gibbs
55%
97 OVR Joe Burrow
53%
97 OVR Matthew Stafford
53%
99 OVR Derrick Henry
50%
98 OVR George Kittle
49%
98 OVR Penei Sewell
40%
97 OVR Trent Williams
38%
97 OVR Fred Warner
36%
98 OVR Micah Parsons
33%
97 OVR Jonathan Taylor
32%
97 OVR Maxx Crosby
24%
97 OVR Trey Mcbride
21%
97 OVR Chris Jones
18%
97 OVR Pat Surtain
4%
97 OVR Dexter Lawrence
3%
No matching quizzes found
Score Distribution
Percent of People with Each Score
Percentile by Number Answered
Your Score History
You have not taken this quiz